000 00548nam a22001937a 4500
003 KOHA_MİRAKIL
005 20251123142705.0
008 251123b tu ||||| |||| 00| 0 tur d
020 _a9786059908429
040 _aTR-AnABB
_btur
_cTR-AnABB
041 _atur
082 _a813.42
_bKIR 2015
100 1 _aKırıkkanat, Mine G,
245 1 0 _aSinek sarayı /
_cMine G. Kırıkkanat
260 _aİstanbul :
_bKırmızı Kedi Yayınları,
_c2015
300 _a142 sayfa ;
_c20 cm
650 0 4 _aTürk edebiyatı, roman
942 _2ddc
_cBK
999 _c9565
_d9565
900 _bGizem YORULMAZ